History Quiz

Random History or Century Quiz

Century by European History Figures Quiz Stats

Quiz Updated Oct 15, 2015

Challenge
Share
Tweet
Embed
Score 0/18 Timer 05:00
2 Plays Today
% Correct
1900s
90.2%
1800s
84.8%
1700s
76.6%
400s BCE
65%
1000s
63.5%
1600s
60.8%
0s BCE
60.5%
1500s
59.4%
200s BCE
56.1%
% Correct
800s
53.8%
1400s
52.9%
0s
50.5%
100s
47.1%
300s
44.6%
1300s
39.5%
500s
37.1%
1100s
34.5%
1200s
33.5%

You're not logged in!

Compare scores with friends on all Sporcle quizzes.
Sign Up with Email
OR
Log In

You Might Also Like...

Show Comments

Extras

Top Quizzes Today


Score Distribution

Your Account Isn't Verified!

In order to create a playlist on Sporcle, you need to verify the email address you used during registration. Go to your Sporcle Settings to finish the process.